| 000 | 00493nam a2200181Ia 4500 | ||
|---|---|---|---|
| 001 | 7838 | ||
| 003 | GE_BSU | ||
| 008 | 181216s||||||||xx |||||||||||||| ||und|| | ||
| 040 | _cGE_BSU | ||
| 245 | _aТурбизнес=Travel trade russia №13\271 2012. | ||
| 245 | _bГорные лыжи | ||
| 245 | _cШеф-ред. Александр Попов | ||
| 260 | _aМосква | ||
| 260 | _c2012. | ||
| 300 | _a48ст,26см. | ||
| 653 | _aТурбизнес=Travel trade russia | ||
| 942 | _cCR | ||
| 999 |
_c41187 _d41187 |
||